| 000 | 00431nam a2200145 i 4500 | ||
|---|---|---|---|
| 001 | 85135 | ||
| 003 | ES-MaACL | ||
| 007 | t| | ||
| 008 | 041125s1926 fr ||||1| fre d | ||
| 100 | 1 |
_aJoubin, L. _967017 |
|
| 245 | 1 | 4 |
_aLes métamorphoses des animaux marins / _cL. Joubin. |
| 260 |
_a[Paris] : _bFlammarion, _c1926 ( _eSaint-Dizier (Haute-Marne) : _fBrulliard) |
||
| 300 |
_a270 p. : _bil. ; _c19 cm. |
||
| 852 |
_aES-MaACL _jF-G399 |
||
| 999 |
_c85135 _d85135 |
||